Turismo de larga distancia y desarrollo regional en Costa Rica: estudios sobre las relaciones económicas-ecológicas entre turismo y desarrollo sostenible en los ámbitos globales, nacionales y micro-regionales /
Uloženo v:
| Hlavní autor: | |
|---|---|
| Další autoři: | |
| Médium: | Text |
| Vydáno: |
San José:
DEI
|
| Témata: | |
| Tagy: |
Přidat tag
Žádné tagy, Buďte první, kdo vytvoří štítek k tomuto záznamu!
|
MARC
| LEADER | 00000 a a2200000 04500 | ||
|---|---|---|---|
| 001 | 31166 | ||
| 003 | |||
| 040 | |||
| 020 | |a 9977-83-138-6 | ||
| 090 | |a 196308 | ||
| 100 | |a Fürst, Edgar | ||
| 245 | |a Turismo de larga distancia y desarrollo regional en Costa Rica: estudios sobre las relaciones económicas-ecológicas entre turismo y desarrollo sostenible en los ámbitos globales, nacionales y micro-regionales / |c Edgar Fürst | ||
| 260 | |a San José: |b DEI | ||
| 300 | |a 587 p. | ||
| 500 | |a Informe final | ||
| 650 | |a ZONAS TURISTICAS | ||
| 650 | |a ZONAS COSTERAS | ||
| 650 | |a USO DE LA TIERRA | ||
| 650 | |a PROPIETARIOS | ||
| 650 | |a PLANIFICACION LOCAL | ||
| 700 | |a ed |a Hein, Wolfgang Hein |a ed | ||
| 999 | |c 16872 |d 16872 | ||



